000 00740nam a2200241Ia 4500
003 OSt
005 20220926004717.0
006 a|||||r|||| 00| 0
007 ta
008 220923b |||||||| |||| 00| 0 eng d
037 _cGeneral Book
040 _aRTL
_cRTL
_beng
041 _2eng
_aeng
082 _aX9(J)N52.2.N7, L2
100 _aMisra Raghvendra Nath
_9309117
245 0 _aBhoodan movement in India
_b An economic assessment
260 _a New Delhi
_bS Chand India
_c1972
300 _axiii, 227p.
_ccm.
500 _aBib p 215-24; Appendix p 196-214.
650 _aAgriculture Industries
_9230575
942 _hX9(J)N52.2.N7, L2
_cGB
_2CC
999 _c612006
_d612006